| 000 | 00940nac a22002897a 4500 | ||
|---|---|---|---|
| 001 | BR9102959 | ||
| 003 | BR-BrBNA | ||
| 005 | 20240105121214.0 | ||
| 008 | 230509b bl.|||m| |||| 00| 0 por d | ||
| 040 |
_aBR-BrBNA _bpor _cBiblioteca Nacional de Agricultura |
||
| 072 | _aE20 | ||
| 090 | _aE20 BR9102959 | ||
| 100 | 1 | _aLins, C. | |
| 100 | 1 | _aPhillips, R. | |
| 110 | 1 |
_aEmpresa de Assistencia Tecnica e Extensao Rural da Bahia, Salvador (Brasil) _93986 |
|
| 245 | 1 | _aPerfil tecnologico dos pequenos agricultores e fatores que afetam a adocao de tecnologias - regiao do PDRI-Irece | |
| 260 | 3 |
_aSalvador, BA (Brasil): _c1985. |
|
| 300 | _a89 p. | ||
| 490 |
_aSerie Projeto de Pesquisa PDRI-Irece (Brazil) _vno. 3 _x |
||
| 500 | _a18 ref. | ||
| 650 | _aPEQUENO PRODUTOR | ||
| 650 | _aLAVOURA | ||
| 650 | _aTECNOLOGIA APROPRIADA | ||
| 650 | _aBAHIA | ||
| 909 |
_a202312 _bLúcia Elande _c55 _dLúcia Elande |
||
| 942 |
_2AGRIS _n0 _cMS |
||
| 999 |
_c283924 _d283924 |
||